| 000 | 01101nam a2200253Ia 4500 | ||
|---|---|---|---|
| 003 | OSt | ||
| 005 | 20210810161837.0 | ||
| 008 | 210310s2001 mx ad gr 000 0 spa d | ||
| 020 | _a9702600820 | ||
| 040 |
_aCO-JMCR _cCO-JMCR |
||
| 041 | 0 | _aspa | |
| 082 | 0 | 4 |
_a332.4 / _bR153m _223 |
| 100 | 1 |
_aRamírez Solano, Ernesto, _eautor _927503 |
|
| 245 | 0 |
_aMoneda y banca mercados financieros : _binstituciones e instrumentos en países en desarrollo / _cErnesto Ramírez Solano |
|
| 250 | _aPrimera edición | ||
| 260 |
_aMéxico : _bPearson educación, _c2001. |
||
| 300 |
_axiv, 474 páginas : _bilustraciones y gráficas en blanco y negro ; _c23 cm. |
||
| 501 | _aCon: notas a pie páginas. | ||
| 504 | _aBibliografía : páginas 463-469. | ||
| 505 | 0 | _aIntroducción a la economía monetaria. -- Fundamentos de los mercados financieros. -- Instituciones financieras. -- Banca central y comportamiento de la política monetaria. -- Teoría y política monetaria. -- Transacciones financieras internacionales. | |
| 650 | 1 | 4 |
_aDinero _927505 |
| 650 | 2 | 4 |
_aBancos y banca _938633 |
| 942 |
_2ddc _cBK |
||
| 999 |
_c12177 _d12177 |
||